000 02070nam a2200373 a 4500
001 000003859
005 20260408193042.0
008 090714s2006 dr ac 001 0 spa d
020 _a9945140108
040 _aDO-SdBNP
_bspa
_cBNPHU
082 _a355.037293
_bP227s
100 1 _aPared Pérez, Sifrido A.,
_d1957-
_911655
245 1 0 _aSeguridad defensa e identidad nacional /
_cSifrido A. Pared Pérez ; prólogo Euclides Gutiérrez Félix ; investigación Lilian Bobea, Raúl Benítez Manaut, Rut Diamint.
260 _aSanto Domingo :
_bInstituto Iberoamericano de Inteligencia y Seguridad ;
_bComisionado de Apoyo de la Reforma y Modernización de la Justicia,
_c2006.
300 _a467 p. :
_bil., retrs. ;
_c23 cm.
500 _aIncluye referencias bibliográficas y notas al pie de las páginas
504 _aBibliografía : p. 465-467
505 2 _aEl ambiente de seguridad nacional y los elementos que lo propician - La estructura nacional de seguridad y defensa en la República Dominicana -- La cultura de seguridad, defensa e identidad nacional: papel de la educación militar -- La doctrina militar: una respuesta a las amenazas y riesgos -- Seguridad, defensa, identidad y desarrollo nacional -- Lienzos de la identidad dominicana: simbiosis gráfica de historia, patria, defensa y sociedad.
590 _aInventariado, 2018/ YL
651 4 _aRepública Dominicana
_xSeguridad Nacional
_911656
650 4 _aIdentidad nacional
_xHistoria
_zRepública Dominicana
_911657
650 0 _aDefensa (Ciencia militar)
_910932
651 4 _aRepública Dominicana
_xCaracterísticas Nacionales
_91720
650 4 _aSeguridad interior
_911658
651 4 _aRepública Dominicana
_xFuerzas Armadas
_911659
650 0 _aIdentidad nacional
_92163
650 4 _aPintura dominicana
_91858
650 4 _aPintores dominicanos
_911660
700 1 _aGutiérrez Félix, Euclides,
_d1936-
_epról.
_95673
700 1 _aBobea, Lilian
_911661
700 1 _aBenítez Manaut, Rut
_911662
700 1 _aDiamint, Rut
_911663
910 _aValidado. Control de calidad. MMOLINA
999 _c3681
_d3681